[Event "1/128 Finale"]
[Site "www.chess-mail.com"]
[Date "2016.09.04"]
[Round "1"]
[White "Julian"]
[Black "Drawlward"]
[WhiteElo "2090"]
[BlackElo "1809"]
[Result "0-1"]
[Round "1"]
1.e4 c5
2.Ng1f3 d6
3.Bf1c4 Ng8f6
4.Qd1e2 Nb8c6
5.c3 Bc8g4
6.d3 e6
7.Bc1e3 d5
8.exd5 Nf6xd5
9.O-O Bf8e7
10.Nb1d2 O-O
11.h3 Bg4h5
12.Nd2e4 Nd5xe3
13.fxe3 Nc6e5
14.Bc4b3 Qd8xd3
15.Ne4g3 Ne5xf3
16.gxf3 Qd3xe2
17.Ng3xe2 Bh5g6
18.Ne2f4 Be7g5
19.Nf4xg6 hxg6
20.f4 Bg5f6
21.Ra1d1 Rf8d8
22.e4 b5
23.f5 gxf5
24.exf5 c4
25.Bb3c2 exf5
26.Rd1xd8 Ra8xd8
27.Bc2xf5 b4
28.Rf1f4 Rd8d1
29.Kg2 Rd1d2
30.Rf4f2 Rd2d5
31.Bf5e4 Rd5g5
32.Kf1 bxc3
33.bxc3 Bf6xc3
34.Rf2c2 Rg5g3
35.Kf2 Rg3xh3
36.Be4d5 Rh3h2
37.Bd5g2 Bc3d4
38.Kg3 Bd4e5
39.Kf3 c3
40.Rc2e2 f6
41.Kg4 Kf8
42.Kf5 g5
43.Ke6 Be5f4
44.Kxf6 Bf4d2
45.Re2f2 Rh2xg2
46.Rf2xg2 Ke8
47.Rg2e2 Kd7
48.Re2e4 c2
49.Re4c4 c1Q
50.Rc4xc1 Bd2xc1
51.Kf5 Kc6
{ resign }
0-1

[Event "1/64 Finale"]
[Site "www.chess-mail.com"]
[Date "2016.09.04"]
[Round "1"]
[White "Malbertan"]
[Black "Paaliaq"]
[WhiteElo "2040"]
[BlackElo "2580"]
[Result "0-1"]
[Round "1"]
1.e4 e6
2.d4 d5
3.Nb1c3 Ng8f6
4.Bc1g5 Bf8b4
5.e5 h6
6.Bg5d2 Bb4xc3
7.bxc3 Nf6e4
8.Bf1d3 Ne4xd2
9.Qd1xd2 c5
10.Ng1f3 c4
11.Bd3e2 Nb8c6
12.O-O Bc8d7
13.Ra1b1 b6
14.Qd2f4 O-O
15.h3 Qd8e7
16.Nf3h2 Qe7a3
17.Nh2g4 Qa3xc3
18.Rf1c1 Nc6xd4
19.Be2f1 Bd7a4
20.Ng4xh6 gxh6
21.Qf4xh6 Nd4f5
22.Qh6g5 Kh7
23.Qg5h5 Nf5h6
24.g4 Rf8g8
25.g5 Rg8xg5
{ resign }
0-1

[Event "1/128 Finale"]
[Site "www.chess-mail.com"]
[Date "2016.09.04"]
[Round "1"]
[White "Guidom"]
[Black "Sik"]
[WhiteElo "2030"]
[BlackElo "1800"]
[Result "1/2-1/2"]
[Round "1"]
1.e4 e5
2.Ng1f3 Nb8c6
3.Bf1b5 d6
4.O-O Bc8d7
5.c3 Ng8f6
6.d3 a6
7.Bb5a4 Bf8e7
8.Bc1g5 h6
9.Bg5xf6 Be7xf6
10.Ba4b3 O-O
11.Nb1d2 Bf6g5
12.Nf3xg5 Qd8xg5
13.Nd2f3 Qg5g6
14.Kh1 Kh8
15.Qd1d2 f5
16.Nf3h4 Qg6g4
17.Nh4xf5 Bd7xf5
18.exf5 Qg4xf5
19.f3 Ra8e8
20.Ra1e1 e4
21.g4 Qf5f4
22.Qd2xf4 Rf8xf4
23.dxe4 Nc6e5
24.Kg2 Ne5d3
25.Re1e2 Re8f8
26.h3 Nd3e5
27.Re2e3 b5
28.Bb3d1 Ne5c4
29.Re3e2 Nc4e5
30.Re2c2 Ne5c4
31.Rc2e2 Nc4e5
32.Re2e1 Ne5d3
33.Re1e2 { draw }
1/2-1/2

[Event "Fast Game"]
[Site "www.echecsemail.com"]
[Date "2016.09.04"]
[Round "1"]
[White "Robroy"]
[Black "Cernunnoss"]
[WhiteElo "1599"]
[BlackElo "1599"]
[Result "1-0"]
[Round "1"]
1.e4 d5
2.exd5 Qd8xd5
3.Nb1c3 Qd5a5
4.Bf1c4 c6
5.d4 Ng8f6
6.Ng1f3 Bc8f5
7.O-O e6
8.Rf1e1  { time }
1-0

[Event "Fast Game"]
[Site "www.echecsemail.com"]
[Date "2016.09.04"]
[Round "1"]
[White "Cernunnoss"]
[Black "Cal"]
[WhiteElo "1599"]
[BlackElo "1620"]
[Result "0-1"]
[Round "1"]
1.e4 e5
2.Ng1f3 d6
3.d4 exd4
4.Qd1xd4 Nb8c6
5.Bf1b5 Bc8d7
6.Bb5xc6 Bd7xc6
7.Nb1c3 Ng8f6
 { time }
0-1

[Event "Tourn. n8847"]
[Site "www.chess-mail.com"]
[Date "2016.09.05"]
[Round "1"]
[White "Falcoale"]
[Black "A27l"]
[WhiteElo "1490"]
[BlackElo "1260"]
[Result "1-0"]
[Round "1"]
1.e4 e5
2.Ng1f3 d6
3.d4 exd4
4.Nf3xd4 a6
5.Nb1c3 h6
6.Bf1d3 Bf8e7
7.O-O Ng8f6
8.f4 O-O
9.Nd4e2 Nb8c6
10.a3 Nf6h7
11.Nc3d5 Nc6a7
12.Nd5xe7 Qd8xe7
13.Rf1e1 Bc8g4
14.h3 Bg4xe2
15.Qd1xe2 f6
16.Qe2g4 Rf8f7
17.Bd3c4 Kh8
18.Bc4xf7 Qe7xf7
19.e5 dxe5
{ time. }
1-0

[Event "Tourn. n8924"]
[Site "www.chess-mail.com"]
[Date "2016.09.05"]
[Round "1"]
[White "Attatroll"]
[Black "Nulladies"]
[WhiteElo "1870"]
[BlackElo "1790"]
[Result "1/2-1/2"]
[Round "1"]
1.e4 c5
2.Nb1c3 g6
3.f4 Bf8g7
4.Ng1f3 d6
5.Bf1b5 Bc8d7
6.Qd1e2 a6
7.Bb5xd7 Nb8xd7
8.O-O e5
9.d3 Ng8e7
10.fxe5 Nd7xe5
11.Bc1f4 O-O
12.Bf4g5 h6
13.Bg5xe7 Ne5xf3
14.Qe2xf3 Qd8xe7
15.Nc3d5 Qe7e5
16.Nd5f6 Bg7xf6
17.Qf3xf6 Ra8e8
18.Qf6xe5 Re8xe5
19.Rf1f6 Re5e6
20.Ra1f1 Kg7
21.Rf6xe6 fxe6
22.Rf1xf8 Kxf8
23.Kf2 e5
24.a4 a5
25.Kf3 Kf7
26.h4 h5
27.g4 Ke6
28.g5 d5
29.c4 dxc4
30.dxc4 { draw }
1/2-1/2

[Event "Tourn. n8905"]
[Site "www.chess-mail.com"]
[Date "2016.09.05"]
[Round "1"]
[White "Madz123456"]
[Black "Mitja"]
[WhiteElo "2020"]
[BlackElo "1910"]
[Result "0-1"]
[Round "1"]
1.d4 d5
2.c4 dxc4
3.Ng1f3 h6
4.e4 e6
5.Bf1xc4 c6
6.Bc4d3 Ng8f6
7.O-O Bf8b4
8.Nb1c3 O-O
9.Qd1e2 Rf8e8
10.e5 Nf6h7
11.Qe2e4 Nh7f8
12.Qe4g4 Kh8
13.Nc3e4 Nb8d7
14.Qg4h5 Nf8g6
15.Bc1g5 Bb4e7
16.Ne4f6 Nd7xf6
17.exf6 Be7xf6
18.Bg5xh6 gxh6
19.Bd3xg6 fxg6
 { time }
0-1

[Event "Tourn. n8888"]
[Site "www.chess-mail.com"]
[Date "2016.09.05"]
[Round "1"]
[White "Xkafi"]
[Black "Fabos12"]
[WhiteElo "1860"]
[BlackElo "1940"]
[Result "1-0"]
[Round "1"]
1.e4 c5
2.Bf1c4 Nb8c6
3.c3 d6
4.h3 e5
5.d3 h6
6.Qd1f3 Ng8f6
7.Nb1d2 Nc6a5
8.Bc4b3 Na5xb3
9.axb3 Bc8e6
10.Ng1e2 d5
11.Qf3g3 Qd8c7
12.exd5 Nf6xd5
13.c4 Nd5b4
14.O-O Bf8d6
15.Nd2e4 Bd6e7
16.Qg3xg7 O-O-O
17.Ne4f6 Be7xf6
18.Qg7xf6 Rh8g8
19.Kh1 Rg8g6
20.Qf6f3 Rd8xd3
21.Bc1e3 a6
22.Ne2c3 f5
23.Qf3h5 Qc7g7
24.Be3xc5 Nb4c2
25.Ra1d1 Rd3xd1
26.Rf1xd1 Be6d7
27.Nc3d5 Qg7g8
{ time. }
1-0

[Event "Tourn. n8951"]
[Site "www.chess-mail.com"]
[Date "2016.09.05"]
[Round "1"]
[White "Nulladies"]
[Black "4m6az"]
[WhiteElo "1860"]
[BlackElo "1839"]
[Result "0-1"]
[Round "1"]
1.d4 e6
2.Bc1f4 g6
3.Ng1f3 d6
4.e3 Bf8g7
5.Nb1d2 Bc8d7
6.Bf1e2 a6
7.c3 Qd8e7
8.e4 Nb8c6
9.O-O Ng8f6
10.Rf1e1 Nf6h5
11.d5 Nh5xf4
12.Be2f1 Nc6d8
13.g3 Nf4h5
14.Bf1c4 e5
15.b4 b5
16.Bc4e2 Bd7h3
17.Nf3h4 Nh5f4
18.Be2g4 Bh3xg4
19.Qd1xg4 Nf4d3
20.Re1e3 Nd3b2
21.Ra1f1 h5
22.Qg4e2 Bg7f6
23.Nh4g2 h4
24.g4 h3
25.Ng2e1 Rh8h4
26.Re3g3 Bf6g5
27.Ne1f3 Rh4h7
28.Nf3xg5 Qe7xg5
29.Nd2f3 Qg5f4
30.Qe2xb2 f6
31.Qb2d2 Qf4xe4
32.Rf1e1 Qe4c4
33.Nf3d4 Qc4xd5
34.Qd2c2 Rh7h6
35.Qc2d2 g5
36.Re1d1 exd4
37.Rd1e1 Kd7
38.Rg3e3 Qd5g2

0-1

[Event "Tourn. n8875"]
[Site "www.chess-mail.com"]
[Date "2016.09.05"]
[Round "1"]
[White "Pwain"]
[Black "Kampungboy"]
[WhiteElo "2230"]
[BlackElo "2290"]
[Result "0-1"]
[Round "1"]
1.e4 d6
2.d4 g6
3.Nb1c3 Bf8g7
4.Ng1f3 a6
5.Bf1e2 b5
6.O-O Bc8b7
7.e5 Ng8h6
8.Bc1g5 O-O
9.exd6 Qd8xd6
10.Qd1d2 Nh6f5
11.Ra1d1 Nb8c6
12.d5 Nc6d4
13.Bg5f4 Qd6b4
14.Nf3xd4 Nf5xd4
15.b3 Qb4xc3
{ resign }
0-1

[Event "Tourn. n8915"]
[Site "www.chess-mail.com"]
[Date "2016.09.05"]
[Round "1"]
[White "Passaroa25"]
[Black "Janerol"]
[WhiteElo "1570"]
[BlackElo "1529"]
[Result "0-1"]
[Round "1"]
1.e4 e5
2.Ng1e2 d6
3.Ne2g3 Ng8f6
4.f3 Bf8e7
5.c3 a6
6.Bf1e2 h5
7.d3 h4
8.Ng3f5 g6
9.Nf5g7 Kf8
10.Ng7f5 Bc8xf5
11.exf5 gxf5
12.h3 Nb8c6
13.Nb1d2 d5
14.Nd2b3 b6
15.Bc1e3 f4
16.Be3f2 a5
17.O-O a4
18.Nb3d2 a3
19.b3 d4
20.Qd1c2 Rh8g8
21.Bf2xh4 Nf6h5
22.Bh4f2 b5
23.Nd2e4 Nh5g7
24.b4 Ng7f5
25.Qc2b3 Ra8a4
26.Ne4c5 Be7xc5
27.bxc5 Qd8g5
28.g4 Ra4a5
29.Kh2 Nc6a7
30.Rf1g1 Na7c6
31.Rg1g2 Rg8h8
32.gxf5 Qg5h5
33.Ra1h1 Qh5xh3
{ resign }
0-1

[Event "Tourn. n8842"]
[Site "www.chess-mail.com"]
[Date "2016.09.05"]
[Round "1"]
[White "Malbertan"]
[Black "Johnmcbride"]
[WhiteElo "2010"]
[BlackElo "1900"]
[Result "0-1"]
[Round "1"]
1.e4 e5
2.Bf1c4 a6
3.Qd1h5 Qd8f6
4.d4 exd4
5.Ng1f3 g6
6.e5 Qf6c6
7.Bc4xf7 Kxf7
8.Qh5g4 Qc6xc2
9.Nf3g5 Ke7
10.Nb1a3 Qc2d3
11.Qg4f4 Qd3f5
12.Qf4xd4 Nb8c6
13.Qd4h4 Ke8
14.O-O Bf8e7
15.g4 Qf5xe5
16.f4 Qe5d4
17.Kh1 Be7f6
18.Qh4e1 Ng8e7
19.Na3c2 Qd4d5
20.Kg1 d6
21.Ng5e4 Bf6d4
22.Nc2xd4 Qd5xd4
23.Kh1 Bc8xg4
24.Bc1d2 Rh8f8
25.Bd2c3 Qd4c4
26.Ne4f6 Rf8xf6
27.Bc3xf6 Qc4d5
28.Kg1 Qd5f7
29.Qe1h4 h5
30.Ra1e1 Bg4e6
31.f5 Ne7xf5
32.Qh4g5 Kd7
33.Rf1f3 Be6xa2
{ resign }
0-1

[Event "Tourn. n8914"]
[Site "www.chess-mail.com"]
[Date "2016.09.05"]
[Round "1"]
[White "Biggles"]
[Black "Fabos12"]
[WhiteElo "2090"]
[BlackElo "1950"]
[Result "1/2-1/2"]
[Round "1"]
1.e4 c5
2.Ng1f3 Nb8c6
3.d4 cxd4
4.Nf3xd4 e5
5.Nd4b5 d6
6.Nb1c3 a6
7.Nb5a3 b5
8.Nc3d5 Bc8e6
9.c4 Be6xd5
10.cxd5 Nc6d4
11.Bc1e3 Qd8a5
12.Be3d2 Qa5b6
13.Ra1c1 Ng8f6
14.Bf1d3 Bf8e7
15.O-O O-O
16.h3 Rf8c8
17.Bd2e3 Qb6b7
18.Na3c2 Nd4xc2
19.Bd3xc2 Be7d8
20.Kh1 Bd8b6
21.Qd1f3 Rc8c7
22.Bc2b1 Ra8c8
23.Rc1xc7 Rc8xc7
24.Bb1d3 Nf6d7
25.Qf3g3 Nd7c5
26.Be3h6 f6
27.Bh6d2 Nc5xd3
28.Qg3xd3 Bb6d4
29.f4 Qb7c8
30.f5 Rc7c2
31.Rf1b1 Bd4xb2
32.Bd2b4 Rc2c1
33.Kh2 Bb2d4
34.Bb4d2 Rc1xb1
35.Qd3xb1 Kf7
36.a3 Qc8c4
37.Bd2b4 Ke7
38.Qb1e1 g6
39.Qe1h4 gxf5
40.Qh4xh7 Kd8
41.Qh7xf5 Bd4c5
42.Qf5xf6 Kc7
43.Qf6f7 Kb6
44.Qf7f3 a5
45.Bb4xc5 Qc4xc5
46.h4 Qc5c8
47.h5 Qc8h8
48.g4 Qh8h6
49.Kg3 Qh6g5
50.Qf3c3 Qg5f4
51.Kh4 Qf4f6
52.Kg3 { draw }
1/2-1/2

[Event "Match"]
[Site "www.echecsemail.com"]
[Date "2016.09.05"]
[Round "1"]
[White "Darknight"]
[Black "Llord"]
[WhiteElo "1690"]
[BlackElo "1940"]
[Result "0-1"]
[Round "1"]
1.e4 e5
2.Ng1f3 Nb8c6
3.c3 Ng8f6
4.d3 Bf8c5
5.d4 exd4
6.cxd4 Bc5b4
7.Bc1d2 Bb4xd2
8.Nb1xd2 O-O
9.a3 Rf8e8
10.Bf1d3 d5
11.e5 Nf6d7
12.Qd1b3 Nd7b6
13.O-O-O Nc6a5
14.Qb3a2 Bc8g4
15.h3 Bg4h5
16.g4 Bh5g6
17.Bd3xg6 fxg6
18.h4 Na5c4
19.g5 Ra8c8
20.Rd1g1 c5
21.h5 gxh5
22.Rh1xh5 Nc4xd2
23.Nf3xd2 cxd4
24.Kd1 Re8xe5
25.Qa2b1 g6
26.Rh5h6 Rc8c6
27.f4 Re5e3
28.Rg1h1 Rc6c7
29.Rh1g1 Rc7e7
30.f5 Qd8e8
31.Rh6h1 Nb6c4
32.Nd2xc4 dxc4
33.fxg6 Re3d3
34.Kc1 hxg6
35.Qb1c2 b5
36.Kb1 Re7e2
37.Qc2c1 Rd3d2
38.a4 Rd2xb2
39.Qc1xb2 Re2xb2
40.Kxb2 bxa4
41.Rg1e1 Qe8b5
42.Ka1 c3
43.Rh1h2 d3
44.Re1b1 Qb5e5
45.Rb1h1 c2
46.Ka2 Qe5xh2
47.Rh1xh2 c1Q
48.Rh2b2 d2
49.Rb2b8 Kf7
50.Rb8b7 Ke6
51.Rb7g7 Qc1c2
{ resign }
0-1

[Event "Match"]
[Site "www.echecsemail.com"]
[Date "2016.09.05"]
[Round "1"]
[White "Llord"]
[Black "Whitekknight"]
[WhiteElo "1910"]
[BlackElo "1950"]
[Result "1/2-1/2"]
[Round "1"]
1.e4 e5
2.Ng1f3 d6
3.Bf1c4 h6
4.O-O Ng8f6
5.Nb1c3 Nb8c6
6.d3 Bc8g4
7.h3 Bg4h5
8.Rf1e1 Nc6a5
9.Bc4b5 c6
10.Bb5a4 b5
11.Ba4b3 Na5xb3
12.axb3 Bf8e7
13.Bc1e3 a5
14.Be3d2 b4
15.Nc3a2 Nf6d7
16.Re1e3 O-O
17.Qd1c1 g5
18.Nf3e1 Kh7
19.Re3g3 f6
20.c4 Nd7c5
21.Qc1c2 Rf8g8
22.Bd2e3 Qd8b6
23.Na2c1 Qb6b7
24.Ne1f3 Bh5xf3
25.Rg3xf3 Rg8f8
26.Be3xc5 dxc5
27.Nc1e2 h5
28.Ne2g3 h4
29.Ng3f5 Be7d8
30.Nf5d6 Qb7d7
31.Nd6f5 Rf8g8
32.Qc2d2 Bd8e7
33.Kf1 Rg8f8
{ draw }
1/2-1/2

[Event "Match"]
[Site "www.echecsemail.com"]
[Date "2016.09.05"]
[Round "1"]
[White "Jmich010"]
[Black "Umutkrc"]
[WhiteElo "1499"]
[BlackElo "1840"]
[Result "0-1"]
[Round "1"]
1.f3 Ng8f6
2.Ng1h3 d6
3.Nh3f4 e5
4.Nf4d3 e4
5.fxe4 Nf6xe4
6.Rh1g1 Qd8h4
7.g3 Qh4xh2
8.e3 Qh2xg1
9.Qd1f3 Qg1xg3
10.Qf3xg3 Ne4xg3
11.Bf1g2 h5
12.b4 g5
13.Nd3b2 g4
14.d4 h4
15.Nb2a4 h3
16.Nb1c3 hxg2
17.Nc3e2 Ng3xe2
18.Kxe2 g1Q
19.Bc1b2 Rh8h2
20.Kd3 Bc8f5
 { time }
0-1

[Event "Match"]
[Site "www.echecsemail.com"]
[Date "2016.09.05"]
[Round "1"]
[White "Tomcapp"]
[Black "Janerol"]
[WhiteElo "1560"]
[BlackElo "999"]
[Result "0-1"]
[Round "1"]
1.e4 e5
2.Ng1f3 d6
3.d4 Bc8g4
4.Nb1d2 Bg4xf3
5.Qd1xf3 exd4
6.Bf1c4 Ng8f6
7.e5 dxe5
8.Nd2e4 Nf6xe4
9.Qf3xe4 Nb8d7
10.Qe4f5 Qd8e7
11.O-O O-O-O
12.Bc4xf7 h6
13.Bf7e6 Qe7f6
14.Qf5g4 h5
15.Bc1g5 hxg4
16.Bg5xf6 gxf6
17.g3 Rd8e8
18.Be6f5 Bf8d6
19.a3 Rh8h5
20.Bf5xd7 Kxd7
21.b4 Re8h8
22.Rf1e1 Rh5xh2
23.Kf1 Rh2h1
 { time }
0-1

[Event "Match"]
[Site "www.echecsemail.com"]
[Date "2016.09.05"]
[Round "1"]
[White "Billyg"]
[Black "Nulladies"]
[WhiteElo "1560"]
[BlackElo "1800"]
[Result "1-0"]
[Round "1"]
1.e4 c5
2.Ng1f3 g6
3.d4 cxd4
4.Nf3xd4 Bf8g7
5.Bc1e3 Nb8c6
6.Nd4xc6 bxc6
7.Bf1c4 e6
8.c3 Ng8e7
9.O-O d5
10.Bc4b3 O-O
11.Be3c5 a5
12.Bb3a4 Bc8d7
13.Nb1a3 Rf8e8
14.Qd1e2 f5
15.f3 Bg7f8
16.Ra1d1 Ne7c8
17.Bc5xf8 Re8xf8
18.c4 Nc8b6
19.cxd5 Nb6xa4
20.dxc6 Bd7xc6
21.Rd1xd8 Rf8xd8
22.Na3c4 Ra8b8
23.Qe2c2 Bc6b5
24.b3 Rb8c8
25.Qc2e2 Na4b6
26.Qe2e3 Nb6xc4
27.bxc4 Bb5xc4
28.Rf1c1 Rd8d3
29.Qe3b6 fxe4
30.Rc1xc4 Rc8a8
31.Qb6xe6 Kf8
32.Rc4c8 Rd3d8
33.Rc8xd8 Ra8xd8
34.h3 exf3
35.gxf3 Rd8e8
36.Qe6f6 Kg8
37.Kg2 Re8e2
38.Kg3 Re2xa2
39.Qf6e6 { resign }
1-0

[Event "Match"]
[Site "www.echecsemail.com"]
[Date "2016.09.05"]
[Round "1"]
[White "Cernunnoss"]
[Black "Pariolinius"]
[WhiteElo "1799"]
[BlackElo "1770"]
[Result "0-1"]
[Round "1"]
1.e4 c5
2.Ng1f3 Nb8c6
3.d4 cxd4
4.Nf3xd4 e5
5.Nd4b5 Ng8f6
6.Nb1c3 Bf8b4
7.a3 Bb4a5
8.Nb5d6 Ke7
9.Nd6f5 Kf8
10.b4 Ba5c7
11.Bc1g5 h6
12.Bg5xf6 { time. }
0-1

[Event "Match"]
[Site "www.echecsemail.com"]
[Date "2016.09.05"]
[Round "1"]
[White "Osvalazo"]
[Black "Tomcapp"]
[WhiteElo "1690"]
[BlackElo "1560"]
[Result "1-0"]
[Round "1"]
1.e4 e5
2.Ng1f3 Nb8c6
3.Bf1c4 Bf8c5
4.O-O Ng8f6
5.d3 O-O
6.Rf1e1 Nc6d4
7.c3  { time }
1-0

[Event "Match"]
[Site "www.echecsemail.com"]
[Date "2016.09.05"]
[Round "1"]
[White "4m6az"]
[Black "Llord"]
[WhiteElo "1809"]
[BlackElo "1920"]
[Result "1-0"]
[Round "1"]
1.e4 e5
2.Ng1f3 Nb8c6
3.Bf1c4 Ng8f6
4.d4 d6
5.Nf3g5 Bc8e6
6.d5 Be6g4
7.f3 Nc6a5
8.Bc4b5 Bg4d7
9.Bb5d3 h6
10.Ng5h3 b6
11.Nh3f2 Bf8e7
12.Bd3a6 O-O
13.b4 Na5c6
14.dxc6 Bd7xc6
15.b5 Bc6d7
16.Ba6b7 Ra8b8
17.Bb7c6 Bd7xc6
18.bxc6 d5
19.Bc1a3 Be7xa3
20.Nb1xa3 Qd8d6
21.Qd1d3 Qd6xc6
22.exd5 Nf6xd5
23.Qd3b5 Qc6xb5
24.Na3xb5 Nd5b4
25.Kd1 Rf8d8
26.Kc1 a6
27.Nb5xc7 Rb8c8
28.a3 Nb4xc2
29.Kxc2 Rc8xc7
30.Kb1 Rd8d2
31.Nf2e4 Rd2xg2
32.Ra1a2 Rg2xa2
33.Kxa2 Rc7c2
34.Kb3 Rc2e2
35.Ne4c3 Re2f2
36.Rh1d1 Rf2xh2
37.Rd1d5 Rh2f2
38.Rd5d3 h5
39.Nc3d5 f5
40.Nd5e7 Kf7
41.Ne7xf5 g6
42.Nf5d6 Kg7
43.Nd6e4 Rf2f1
44.Ne4d2 Rf1d1
45.Kc2 Rd1h1
46.Nd2e4 h4
47.Rd3d2 h3
48.Ne4f2 Rh1h2
49.Kd3 Kf6
50.Nf2g4 { resign }
1-0

[Event "1/128 Finale"]
[Site "www.chess-mail.com"]
[Date "2016.09.05"]
[Round "1"]
[White "Ender"]
[Black "Bluetealeaf"]
[WhiteElo "1599"]
[BlackElo "1720"]
[Result "1-0"]
[Round "1"]
1.e4 e5
2.Ng1f3 f6
3.Nf3xe5 Qd8e7
4.Ne5f3 d5
5.d3 Bc8e6
6.Nf3d4 Nb8d7
7.Nd4xe6 Qe7xe6
8.Qd1h5 g6
9.Qh5xd5 Qe6xd5
10.exd5 O-O-O
11.Bc1e3 Bf8d6
12.c4 Rd8e8
13.Bf1e2 Bd6e5
14.d4 Be5d6
15.c5 Bd6e7
16.Nb1c3 f5
17.O-O-O Ng8f6
18.h3 h5
19.Be2b5 a6
20.Bb5a4 b5
21.Ba4b3 Nf6e4
22.Nc3e2 f4
23.Ne2xf4 Be7g5
24.Rh1f1 Bg5xf4
25.Be3xf4 g5
26.Bf4e3 Nd7f6
27.Rf1e1 g4
28.h4 g3
29.fxg3 Nf6g4
30.Bb3c2 Ne4xg3
31.Be3d2 Re8d8
32.Bd2f4 Ng3h1
33.Bc2f5 Kb7
34.Re1e7 Nh1f2
35.Re7xc7 Ka8
36.Rd1e1 Ng4f6
37.Re1e7 Nf2d3
38.Bf5xd3 Nf6xd5
39.Rc7a7 
1-0

[Event "1/128 Finale"]
[Site "www.chess-mail.com"]
[Date "2016.09.05"]
[Round "1"]
[White "Ffdd65"]
[Black "Egdiogel"]
[WhiteElo "2180"]
[BlackElo "2169"]
[Result "0-1"]
[Round "1"]
1.e4 c6
2.d4 d5
3.e5 Bc8f5
4.Bf1d3 Bf5xd3
5.Qd1xd3 e6
6.Ng1f3 Qd8a5
7.Bc1d2 Qa5b6
8.b3 Ng8e7
9.O-O Ne7g6
10.Nb1c3 Bf8e7
11.Nc3a4 Qb6c7
12.Bd2g5 h6
13.Bg5xe7 Qc7xe7
14.g3 Nb8d7
15.c4 dxc4
16.bxc4 O-O
17.c5 b5
18.Na4c3 Rf8d8
19.Nc3e4 Nd7xe5
20.Nf3xe5 Ng6xe5
21.Qd3c3 Ne5c4
22.Rf1d1 Rd8d5
23.Ne4d2 Nc4xd2
24.Rd1xd2 a5
25.a3 a4
26.Ra1a2 Ra8d8
27.Rd2d3 Qe7d7
28.Ra2d2 e5
29.f3 Rd5xd4
30.Rd3xd4 exd4
31.Qc3d3 Qd7d5
32.Rd2c2 Rd8e8
33.Kf2 Re8e3
34.Qd3d1 Qd5b3
35.Rc2d2 Qb3xd1
36.Rd2xd1 Re3xa3
37.Rd1xd4 Ra3c3
38.Rd4d8 Kh7
39.Rd8d7 f6
40.Rd7a7 Rc3xc5
41.Ra7a5 Rc5c3
42.Ke2 h5
 { time }
0-1

[Event "1/64 Finale"]
[Site "www.chess-mail.com"]
[Date "2016.09.05"]
[Round "1"]
[White "Cal"]
[Black "Egdiogel"]
[WhiteElo "1750"]
[BlackElo "2230"]
[Result "0-1"]
[Round "1"]
1.d4 d5
2.e3 c5
3.dxc5 e6
4.Nb1c3 Bf8xc5
5.a3 Ng8f6
6.b3 O-O
7.Ng1f3 Nb8c6
8.Nc3a4 Bc5e7
9.c3 a6
10.Bf1d3 b5
11.Na4b2 Bc8b7
12.O-O Ra8c8
13.Bc1d2 Qd8c7
14.h3 Rf8d8
15.Nf3h2 Be7d6
16.f4 Nf6e4
17.Bd2e1 e5
18.f5 Ne4f6
19.e4 dxe4
20.Bd3xe4 Bd6c5
21.Be1f2 Bc5xf2
22.Rf1xf2 Rd8xd1
23.Ra1xd1 Nf6xe4
24.Rf2f3 Nc6a5
25.Nh2g4 Ne4xc3
26.Rd1d2 Bb7xf3
27.gxf3 Na5xb3
28.Rd2c2 Qc7b7
29.Kg2 Nb3d4
30.Rc2d2 Qb7xf3
31.Kh2 Qf3f4
32.Kg1 Qf4xd2
33.Ng4xe5 Qd2xb2
{ resign }
0-1

[Event "1/64 Finale"]
[Site "www.chess-mail.com"]
[Date "2016.09.05"]
[Round "1"]
[White "Osopanda"]
[Black "Sachpat"]
[WhiteElo "2000"]
[BlackElo "2320"]
[Result "0-1"]
[Round "1"]
1.Ng1f3 Ng8f6
2.c4 c5
3.d4 cxd4
4.Nf3xd4 e6
5.Nb1c3 Bf8b4
6.Nd4c2 Bb4xc3
7.bxc3 Qd8a5
8.Nc2b4 Nb8c6
9.Bc1d2 Nc6e5
10.e3 Qa5c7
11.Bf1e2 a5
12.Nb4d3 Ne5xc4
13.O-O Nf6e4
14.Bd2e1 d5
15.f3 Nc4xe3
16.Qd1a4 Bc8d7
17.Qa4d4 Ne3f5
18.Qd4e5 Qc7b6
19.Kh1 Qb6e3
20.fxe4 Qe3xe2
21.Rf1xf5 f6
22.Rf5f2 Qe2xf2
23.Be1xf2 fxe5
24.exd5 exd5
25.Nd3xe5 Bd7f5
26.Bf2d4 O-O
27.g4 Bf5e4
28.Kg1 a4
29.h4 Ra8a5
30.Ra1b1 Be4xb1
{ resign }
0-1

[Event "1/128 Finale"]
[Site "www.chess-mail.com"]
[Date "2016.09.05"]
[Round "1"]
[White "Passaroa25"]
[Black "Guidom"]
[WhiteElo "1570"]
[BlackElo "2030"]
[Result "0-1"]
[Round "1"]
1.e4 e5
2.Ng1e2 Bf8c5
3.Ne2g3 d6
4.d3 Nb8c6
5.Bc1e3 Bc5xe3
6.fxe3 Ng8f6
7.Nb1d2 Bc8g4
8.Bf1e2 Bg4xe2
9.Qd1xe2 O-O
10.O-O-O g6
11.c3 Qd8e7
12.Nd2b3 a5
13.a3 a4
14.Nb3a1 d5
15.Na1c2 dxe4
16.dxe4 Rf8d8
17.h3 Nc6a5
18.b4 axb3
19.Nc2b4 c5
20.Nb4d3 Rd8xd3
21.Qe2xd3 c4
22.Qd3e2 Qe7xa3
23.Kd2 b2
24.Qe2f3 Na5b3
25.Ke2 Nb3c1
26.Rd1xc1 bxc1Q
27.Rh1xc1 Qa3xc1
28.Kf2 Kg7
29.Ng3e2 Qc1d2
30.g4 Ra8a2
31.g5 Nf6xe4
32.Qf3xe4 Qd2xe2
33.Kg3 Qe2f2
34.Kg4 Qf2g2
35.Qe4xg2 Ra2xg2
36.Kh4 h6
37.gxh6 Kxh6
{ resign }
0-1

[Event "1/64 Finale"]
[Site "www.chess-mail.com"]
[Date "2016.09.05"]
[Round "1"]
[White "Llord"]
[Black "Papaours"]
[WhiteElo "1910"]
[BlackElo "1999"]
[Result "0-1"]
[Round "1"]
1.e4 c5
2.Bf1c4 d6
3.Ng1f3 Nb8c6
4.O-O Ng8f6
5.d3 g6
6.Nb1c3 Bf8g7
7.Bc1d2 O-O
8.Nf3g5 Nc6a5
9.Bc4xf7 Rf8xf7
10.Ng5xf7 Kxf7
11.Qd1f3 Kg8
12.Nc3d5 Na5c6
13.Nd5xf6 Bg7xf6
14.Bd2h6 Bf6xb2
15.Ra1b1 Bb2f6
16.h3 Nc6d4
17.Qf3d1 Qd8a5
18.f4 c4
19.e5 dxe5
20.fxe5 Qa5xe5
21.dxc4 Bc8f5
22.Rb1xb7 Nd4e2
23.Kh1 Ne2g3
24.Kg1 Ng3xf1
25.Kxf1 Kf7
26.Rb7b5 Qe5d4
27.Qd1e2 Ra8c8
28.Rb5b4 Bf6h4
29.Rb4b3 Qd4a1
{ resign }
0-1

[Event "Tourn. n8847"]
[Site "www.chess-mail.com"]
[Date "2016.09.06"]
[Round "1"]
[White "Bjonil60"]
[Black "Osmundw"]
[WhiteElo "1350"]
[BlackElo "1380"]
[Result "1-0"]
[Round "1"]
1.Nb1c3 e6
2.e3 d5
3.a3 c6
4.Ng1f3 b5
5.b3 Nb8a6
6.b4 Bf8xb4
7.axb4 Na6xb4
8.Bc1a3 Qd8d6
9.Ra1b1 Nb4a2
10.Nc3xa2 Qd6xa3
11.Na2c3 b4
12.Nc3e2 e5
13.h3 f6
14.Rb1b3 Qa3a2
15.Ne2c1 Qa2b2
16.Rb3xb2 Ra8b8
17.d3 c5
18.c3 bxc3
19.Rb2c2 d4
20.e4 Bc8b7
21.Nc1b3 Rb8c8
22.g3 Ng8e7
23.g4 Bb7a6
24.Bf1g2 c4
25.Nb3c1 cxd3
26.Nc1xd3 Ne7c6
27.h4 Ba6xd3
28.Qd1xd3 Nc6b4
29.Qd3b5 Kd8
30.Qb5xb4 a6
31.g5 Rc8a8
32.Bg2h3 a5
33.Qb4b6 Ke7
34.Qb6e6 Kf8
35.Qe6d6 Ke8
36.Bh3d7 Kd8
37.Bd7c6 Kc8
38.h5 Ra8a6
39.Qd6e6 Kc7
40.Qe6d7 Kb6
41.Qd7b7 Kc5
42.Qb7xa6 Kb4
43.Qa6b5 Ka3
44.Qb5a4 
1-0

[Event "Tourn. n8904"]
[Site "www.chess-mail.com"]
[Date "2016.09.06"]
[Round "1"]
[White "Estonia"]
[Black "Ffdd65"]
[WhiteElo "2050"]
[BlackElo "2230"]
[Result "1/2-1/2"]
[Round "1"]
1.d4 d5
2.Ng1f3 Ng8f6
3.c4 c6
4.e3 e6
5.Nb1c3 Bf8d6
6.cxd5 cxd5
7.Bf1b5 Bc8d7
8.O-O a6
9.Qd1a4 Nb8c6
10.Bb5xc6 bxc6
11.Nf3e5 Bd6xe5
12.dxe5 Nf6h5
13.Qa4g4 g6
14.b3 f5
15.Qg4e2 Qd8b8
16.f4 O-O
17.Bc1a3 Rf8f7
18.Ba3d6 Qb8b7
19.Nc3a4 Nh5g7
20.Na4c5 Qb7b6
21.Rf1c1 Ng7e8
22.Nc5a4 Qb6b5
23.Qe2xb5 axb5
24.Na4c5 Bd7c8
25.a4 Rf7a7
26.Kf2 Kf7
27.Kf3 Ne8c7
28.Bd6xc7 Ra7xc7
29.axb5 Ra8xa1
30.Rc1xa1 cxb5
31.b4 Bc8d7
32.Ra1a5 Bd7c6
33.Kf2 Ke7
34.h3 h6
35.g4 fxg4
36.hxg4 Kf7
37.Ra5a1 Rc7e7
38.Ra1h1 Kg7
39.Rh1h2 Bc6e8
40.Kg3 Be8f7
41.Rh2c2 Re7a7
42.Rc2c3 Ra7a1
{ draw }
1/2-1/2

[Event "Tourn. n8849"]
[Site "www.chess-mail.com"]
[Date "2016.09.06"]
[Round "1"]
[White "Tomcapp"]
[Black "Passaroa25"]
[WhiteElo "1520"]
[BlackElo "1580"]
[Result "0-1"]
[Round "1"]
1.e4 c6
2.c4 d6
3.Ng1f3 Bc8e6
4.d3 f6
5.d4 Be6f7
6.Nb1c3 Nb8d7
7.Bf1d3 e5
8.d5 Ng8e7
9.b4 g6
10.a4 Bf8g7
11.dxc6 Ne7xc6
12.Nc3d5 O-O
13.b5 Nc6d4
14.Nf3xd4 exd4
15.a5 Nd7c5
16.a6 Nc5xd3
17.Kf1 Nd3xc1
18.Qd1xc1 f5
19.exf5 gxf5
20.axb7 Bf7xd5
21.bxa8Q Qd8xa8
22.b6 Bd5xg2
23.Ke2 Bg2xh1
24.bxa7 Bh1c6
25.c5 Rf8e8
26.Kd3 Bg7e5
27.cxd6 Bc6e4
28.Ke2 Be5xd6
29.Qc1c4 Be4d5
30.Kd3 Bd5xc4
31.Kxc4 Re8e4
32.Kd3 Bd6xh2
33.Ra1a5 Bh2g1
34.f3 Re4f4
35.Ke2 d3
36.Kxd3 Bg1xa7
{ resign }
0-1

[Event "Tourn. n8898"]
[Site "www.chess-mail.com"]
[Date "2016.09.06"]
[Round "1"]
[White "Zeksky"]
[Black "Redabond"]
[WhiteElo "1499"]
[BlackElo "1680"]
[Result "1-0"]
[Round "1"]
1.e4 e5
2.Ng1f3 Nb8c6
3.Bf1c4 Ng8f6
4.Nf3g5 d5
5.exd5 Nf6xd5
6.Qd1f3 Nd5f6
7.Ng5xf7 Nc6d4
8.Qf3c3 Qd8e7
9.Nf7xh8 Bc8f5
10.d3 O-O-O
11.Bc1e3 g6
12.Nh8f7 Rd8d7
13.Nb1a3 Bf5e6
14.Bc4xe6 Qe7xe6
15.Nf7g5 Qe6a6
16.Be3xd4 exd4
17.Qc3b3 h6
18.Ng5f3 Rd7e7
19.Kd2 Nf6g4
20.Rh1f1 Qa6a5
21.c3 dxc3
22.Qb3xc3 Qa5f5
23.g3 Qf5xf3
24.Ra1e1 Re7xe1
25.Rf1xe1 Qf3xf2
26.Re1e2 Qf2c5
27.Qc3xc5 Bf8xc5
28.Na3c4 Bc5b4
29.Kc2 Kd8
30.Nc4e5 Ng4f6
31.Ne5xg6 { resign }
1-0